000 00684cab a2200217 4500
001 ABS39191
008 090401t1988 xxu||||| |||| 00| 0 eng d
035 _a(Sirsi) u14929
041 _aeng
100 _aBar-Hillel, Mira
245 4 _aThe ravaged face of Maiden Lane
260 _c1988
350 _a0
490 _aChartered Surveyor Weekly
_v23(8) 26 May 1988, 66-67(2)
520 _aResidents on Camden `s Maiden Lane estate describe the place as a prison and doctors and postmen refuse to visit it; the estate was completed only 5 years ago.
650 _aDESIGN
650 _aHOUSING ESTATES
690 _aBlock management
_96220
942 _n0
948 _c04/03/1997
999 _c9747
_d9747